Biochemistry for sport and exercise metabolism (Registro nro. 166976)
[ vista simple ]
| 000 -ENCABEZADO | |
|---|---|
| Número de control [NR] | 00856cam a22002418a 4500 |
| 008 - DE LONGITUD FIJA DE DATOS DE ELEMENTOS - INFORMACIÓN GENERAL | |
| Elementos de longitud fija [NR] | 110718s2012 enkad fr 001 0 eng |
| 020 ## - NUMERO INTERNACIONAL NORMALIZADO PARA LIBROS [R] | |
| Número Internacional Normalizado del libro [NR] | 9780470091852 |
| 040 ## - FUENTE DE CATALOGACION [NR] | |
| Agencia de catalogación original [NR] | Co-BoUCM |
| Idioma de catalogación [NR] | spa |
| Quien Cataloga | |
| Quien Clasifica | Aldemar Mondragón |
| 041 00 - CODIGO DE IDIOMA [R] | |
| Código de idioma para texto/pista de sonido o título separado [R] | Inglés |
| 060 ## - SIGNATURA TOPOGRAFICA DE LA BIBLIOTECA NACIONAL DE MEDICINA (NLM) [R] | |
| Número clasificador [R] | QU 120 |
| 100 1# - ASIENTO PRINCIPAL--NOMBRE PERSONAL [NR] | |
| Nombre personal [NR] | MacLaren, Don |
| ID Autoridad | 43491 |
| 245 10 - MENCION DE TITULO [NR] | |
| Título [NR] | Biochemistry for sport and exercise metabolism |
| Mención de responsabilidad, etc. [NR] | Don MacLaren,James Morton |
| 260 ## - PUBLICACION, DISTRIBUCION, ETC. (PIE DE IMPRENTA) [R] | |
| Lugar de publicación, distribución, etc. [R] | Chichester |
| Nombre del editor, distribuidor, etc. [R] | Wiley-Blackwell |
| Fecha de publicación, distribución, etc. [R] | 2012 |
| 300 ## - DESCRIPCION FISICA [R] | |
| Extensión [R] | xiii, 249 páginas |
| Otros detalles físicos [NR] | ilustraciones, cuadros y gráficas |
| 490 ## - MENCION DE SERIE [R] | |
| Mención de serie [R] | Wiley sport texts series |
| 504 ## - NOTA DE BIBLIOGRAFIA, ETC. [R] | |
| Nota de bibliografía, etc. [NR] | Incluye referencias bibliográficas e índices |
| 650 #2 - ASIENTO SECUNDARIO DE MATERIA - TERMINO TEMATICO [R] | |
| Término temático o nombre geográfico como elemento de entrada [NR] | Biomecánica |
| 9 (RLIN) | 10139 |
| 650 #2 - ASIENTO SECUNDARIO DE MATERIA - TERMINO TEMATICO [R] | |
| Término temático o nombre geográfico como elemento de entrada [NR] | Ejercicio |
| Subdivisión general [R] | Aspectos fisiológicos |
| 9 (RLIN) | 13945 |
| 650 #2 - ASIENTO SECUNDARIO DE MATERIA - TERMINO TEMATICO [R] | |
| Término temático o nombre geográfico como elemento de entrada [NR] | Metabolismo |
| 9 (RLIN) | 43492 |
| 690 ## - ASUNTO AGREGADO LOCAL DE ENTRADA - TÉRMINO TEMÁTICO (OCLC, RLIN) | |
| Acceso temático local | Bioquímica |
| 700 1# - ASIENTO SECUNDARIO - NOMBRE PERSONAL [R] | |
| Nombre personal [NR] | Morton, James |
| 9 (RLIN) | 43493 |
| 942 ## - ELEMENTOS DE ENTRADA AGREGADOS (KOHA) | |
| Tipo de ítem principal el descrito en 300a | Libro |
| Edición | 1 |
| Tema principal | Medicina |
| Parte restante de la signatura top. | M161b |
| Sistema de clasificación | NLM |
| Clasificación | QU 120 |
| Título oculto en OPAC | No |
| Fecha de último préstamo | Total préstamos | Total Renewals | Signatura topográfica | Código de barras | Última vez visto | Ejemplar | Costo de reposición | Price effective from | Tipo de ítem | Perdido | Sistema de clasificación | Dañado | No prestable | Tipo de ítem específico | Suprimido | Ubicación habitual | Ubicación actual | Localización | Fecha de creación | Proveedor | Forma de adquisición | Costo |
|---|---|---|---|---|---|---|---|---|---|---|---|---|---|---|---|---|---|---|---|---|---|---|
| 17/08/2019 | 10 | 26 | QU 120 M161b | 200025084 | 12/12/2025 | Ej.1 | 214803.00 | 15/08/2013 | Libro | NLM | Libro | Quinta de Mutis | Quinta de Mutis | 1er piso | 15/08/2013 | 15 | Compra | 82250.00 |